| 000 | 00552nam a2200181Ia 4500 | ||
|---|---|---|---|
| 008 | 240925s9999 xx 000 0 und d | ||
| 020 | _aNA | ||
| 082 | _a621.3822 HAS | ||
| 100 | _aHasnain , S.K | ||
| 245 | 0 | _aDigital Signal Processing: using DSP toolbox & blocksets in matlab computer laboratory practical work book Include Ti TMS C 6713 DSK | |
| 250 | _a2nd | ||
| 260 |
_aKarachi: _bRoyal Books _c,2009. |
||
| 300 |
_a586p. _bNA _fPirated |
||
| 500 | _aIncludes Index | ||
| 600 | _aElectronic Engineering | ||
| 650 | _aTechnology | ||
| 942 | _cBK | ||
| 999 |
_c10225 _d10225 |
||